| 000 | 00685nam a22002177a 4500 | ||
|---|---|---|---|
| 999 |
_c11065 _d11065 |
||
| 003 | AR-CdUCM | ||
| 008 | 190402b ||||| |||| 00| 0 spa d | ||
| 040 |
_aMUNICIPALIDAD PROVINCIAL DEL CUSCO _cBIBLIOTECA MUNICIPAL DEL CUSCO |
||
| 082 |
_aC / 869.56 / _bG45G |
||
| 100 |
_aGilt Comtreras, Mario Alberto _928196 |
||
| 245 |
_aEl grito de los Andes : _bCuentos / |
||
| 260 |
_aCusco : _bGarcilaso, _c1956. |
||
| 300 |
_aVI, 247 páginas ; _c21 cm. |
||
| 500 | _aDedicado a la Gloriosa Ciudad Imperial del Cuzco. | ||
| 505 | _aContenido: Cuentos. | ||
| 650 |
_aCuentos _9217 |
||
| 650 |
_aSiglo XX _98 |
||
| 650 |
_aLiteratura Peruana _9132 |
||
| 942 |
_2ddc _cLIBROS |
||
| 945 | _aachl | ||